IT Dansa Jove Companyia
Descripción Física:
[16] p. : fot. ; 17 cm
MARC
| LEADER | 00000nam a2200000Ia 4500 | ||
|---|---|---|---|
| 001 | 19604 | ||
| 003 | BGR | ||
| 005 | 20260324175743.0 | ||
| 008 | 160829s1998 xx 000 0 cat d | ||
| 080 | |a FU-9-28 | ||
| 110 | 2 | |a Institut del Teatre (Barcelona, Catalunya). IT Dansa |9 71051 | |
| 245 | |a IT Dansa Jove Companyia | ||
| 260 | |a Barcelona : |b Institut del Teatre, Diputació de Barcelona, |c 1998 | ||
| 300 | |a [16] p. : |b fot. ; |c 17 cm | ||
| 650 | |a IT Dansa |x Història |9 39818 | ||
| 650 | |a Dansa moderna |9 40086 | ||
| 710 | 1 | |a Institut del Teatre (Barcelona, Catalunya) |9 52662 | |
| 710 | 1 | |a Barcelona (Catalunya : Província). |b Diputació |9 52408 | |
| 901 | |a Arxiu | ||
| 942 | |n 1 |2 udc |c MON | ||
| 952 | |0 0 |1 0 |4 0 |6 FU928 |7 1 |9 49406 |a Arxiu |b Arxiu |d 2016-12-01 |l 0 |o FU-9-28 |p 19604 |r 2016-12-01 00:00:00 |w 2016-12-01 |y ARXIU | ||
| 999 | |c 53248 |d 53248 | ||